[Event "FIDE Chesscom Grand Swiss 2021"]
[Site "Riga"]
[Date "2021.11.03"]
[Round "7.3"]
[White "Esipenko, Andrey"]
[Black "Shirov, Alexei"]
[Result "1/2-1/2"]
[WhiteElo "2720"]
[BlackElo "2659"]
[Annotator "TA"]
[PlyCount "109"]
[EventDate "2021.10.27"]
[EventType "swiss"]
[EventCountry "LAT"]
[Tiebreak "Cut1 Buchholz+Sonneborn-Berger (Swiss)"]
[SourceTitle "playchess.com"]
[Source "ChessBase"]
[SourceQuality "1"]

{[%evp 17,109,41,47,0,0,0,0,0,0,0,0,0,6,-27,50,42,42,61,51,61,33,25,24,38,43,
47,96,81,95,95,95,103,90,90,91,79,103,93,111,77,111,42,56,61,114,110,133,124,
158,101,114,102,91,87,103,69,62,62,62,0,0,0,0,0,0,0,0,0,99,99,99,99,99,99,99,
99,99,99,141,176,151,151,151,8,59,0,151,150,202,211,211,206,237,0]} 1. e4 e5 2.
Nf3 Nc6 3. Bb5 a6 4. Ba4 Nf6 5. O-O b5 6. Bb3 Bc5 7. a4 Rb8 8. c3 d6 9. d4 Bb6
10. a5 {C78: Ruy Lopez: Archangelsk and Möller Defences.} Ba7 ({Wrong is} 10...
Bxa5 $2 11. dxe5 (11. d5 Ne7 $18) 11... dxe5 12. Qxd8+ Kxd8 13. Bd5 $18 (13.
Bxf7 Bb6 $16)) 11. Be3 Bg4 12. Nbd2 {The position is equal.} exd4 13. cxd4 {
White wants to play Qc2.} O-O $1 14. h3 Bh5 {[#]} 15. Re1 $5 $146 {[%mdl 8] An
interesting novelty.} ({Predecessor:} 15. Qc1 Nb4 16. g4 Bg6 17. Bg5 h6 18. Bh4
c5 19. Qc3 cxd4 20. Nxd4 Nxe4 21. Nxe4 Qxh4 22. Nxd6 {1-0 (41) Wei,Y (2721)
-Santos Ruiz,M (2560) Khanty Mansiysk 2019}) 15... Bxd4 16. Nxd4 $14 Nxd4 17.
g4 Nxb3 18. Qxb3 Bg6 19. Bg5 $1 h6 20. Bh4 Bh7 21. f4 g5 22. fxg5 Nd7 23. Nf3
Ne5 24. Nxe5 dxe5 25. Qe3 $1 hxg5 26. Bxg5 f6 27. Bh4 Qd4 28. Rac1 Qxb2 29. Rc6
({Better is} 29. Rcd1 $1 $16) 29... Qd4 30. Bxf6 Rf7 (30... b4 $14) 31. g5 $16
b4 32. Qxd4 exd4 33. Bxd4 (33. e5 $142 $1 {[%cal Re5e6] And now e6 would win.}
Bd3 34. e6) 33... Rd7 34. Bb2 Rd2 35. Bc1 Rd3 36. Kf2 {aiming for g6.} Rf8+ 37.
Kg2 {Strongly threatening g6.} Rff3 38. Rxc7 (38. Rh6 $1 $14) 38... Rg3+ $11
39. Kf2 Rdf3+ 40. Ke2 Bxe4 {( -> ...Rg2+)} 41. Kd1 Rd3+ 42. Bd2 Rg2 43. Rxe4
$16 {[%cal Re4e8]} Rgxd2+ {[%mdl 4096] Endgame KRR-KRR} 44. Kc1 {[%cal Re4e8]}
Rd1+ {[#]} 45. Kb2 $1 {[%cal Re4e8]} R1d2+ 46. Rc2 Rxc2+ 47. Kxc2 Rxh3 {
[#] KR-KR} 48. Re6 $1 ({Reject} 48. Rxb4 $6 Ra3 $11) 48... Rc3+ 49. Kb2 Ra3 50.
Rxa6 (50. Rg6+ $16 Kf7 51. Rxa6) 50... Kg7 $11 51. Ra8 (51. Kb1 $14 Rg3 52. Kc2
Rxg5 53. Kb3) 51... Kg6 $2 (51... Kh7 $1 $11 52. a6 Rc3) 52. a6 $16 {[%cal
Ba5a6,Ba6a7][%mdl 32] White is clearly better.} Kg7 (52... Kf7 $16 53. a7 Kg7)
53. a7 $18 Kh7 54. g6+ Kg7 55. Rb8 $2 {Weighted Error Value: White=0.15/
Black=0.18} ({White should play} 55. Kc2 $18) 1/2-1/2

[Event "FIDE Chesscom Grand Swiss 2021"]
[Site "Riga"]
[Date "2021.11.03"]
[Round "7.4"]
[White "Caruana, Fabiano"]
[Black "Sevian, Samuel"]
[Result "1/2-1/2"]
[WhiteElo "2800"]
[BlackElo "2654"]
[Annotator "TA"]
[PlyCount "72"]
[EventDate "2021.10.27"]
[EventType "swiss"]
[EventCountry "LAT"]
[Tiebreak "Cut1 Buchholz+Sonneborn-Berger (Swiss)"]
[SourceTitle "playchess.com"]
[Source "ChessBase"]
[SourceQuality "1"]

{[%evp 13,72,0,10,0,0,0,0,0,0,0,6,-10,0,0,0,8,43,15,3,-17,0,-4,-10,-44,-40,0,
41,38,43,0,46,-53,-23,-36,0,0,0,-110,-111,-50,0,0,0,0,0,0,0,0,0,0,0,0,0,0,0,0,
0,0,0,0,0]} 1. d4 Nf6 2. c4 e6 3. Nc3 Bb4 4. f3 c5 5. d5 O-O 6. e4 d6 7. Nge2
b5 8. Nf4 {E20: Nimzo-Indian: 4 g3 and 4 f3.} exd5 9. Nfxd5 Nxd5 10. Qxd5 Qb6
11. cxb5 ({But not} 11. Qxa8 Bb7 $17) 11... Bb7 12. Qd2 d5 {[#] Strongly
threatening ...d4.} 13. a3 Bxc3 14. Qxc3 {[#]} d4 $146 ({Predecessor:} 14...
Re8 15. Be2 Nd7 16. O-O dxe4 17. fxe4 Rxe4 18. Bf3 {1/2-1/2 (18) Schaub,M 
(2323)-David Bordier,C (2330) ICCF email 2018}) 15. Qc2 a6 16. bxa6 {[%mdl 64]
[#] Overworked Piece} Bxa6 17. Bxa6 Qxa6 18. Qxc5 Rc8 $1 {[%cal Rc8c5]} 19. Qd5
Ra7 {[%cal Ba8a7,Ba7c7,Bc7c2,Bc2b2][%mdl 32]} (19... Nc6 $5 {[%cal Rc6b4]} 20.
Bd2 Rab8 $17) 20. Bd2 Rac7 21. Rd1 Rc2 (21... Rc5 $5 {[%cal Rc5d5]} 22. Qb3 Rc2
$11) 22. Qxd4 (22. Rf1 $14) 22... Nc6 $15 23. Qe3 {Threatening Bc3.} Rxb2 {
White must now prevent ...Rd8.} 24. Bc3 Rc2 25. Rf1 (25. Rd3 $1 $11 {keeps the
balance.}) 25... Qxa3 $17 26. Bd2 Qxe3+ (26... Qd6 {seems wilder.} 27. f4 Rd8
28. Rf2 h6 29. Ra1 Nb4) 27. Bxe3 {The position is equal.} Rxg2 28. Rd2 Rxd2 29.
Kxd2 $11 {[%mdl 4096] Endgame KRB-KRN} Ne5 30. Bf4 f6 31. Bg3 Kf7 32. f4 Nc4+
33. Kd3 Nb2+ 34. Ke3 Nc4+ 35. Kd3 Nb2+ 36. Ke3 Nc4+ {Weighted Error Value:
White=0.18/Black=0.07} 1/2-1/2

[Event "FIDE Chesscom Grand Swiss 2021"]
[Site "Riga"]
[Date "2021.11.03"]
[Round "7.5"]
[White "Anton Guijarro, David"]
[Black "Dubov, Daniil"]
[Result "1/2-1/2"]
[WhiteElo "2658"]
[BlackElo "2714"]
[Annotator "TA"]
[PlyCount "46"]
[EventDate "2021.10.27"]
[EventType "swiss"]
[EventCountry "LAT"]
[Tiebreak "Cut1 Buchholz+Sonneborn-Berger (Swiss)"]
[SourceTitle "playchess.com"]
[Source "ChessBase"]
[SourceQuality "1"]

{[%evp 9,46,7,34,20,25,16,15,18,21,11,25,17,15,24,30,30,33,25,29,29,64,79,72,0,
0,0,0,0,0,0,0,0,0,0,0,0,0,0,0]} 1. c4 g6 2. d4 Nf6 3. Nf3 Bg7 4. e3 O-O 5. Be2
d5 6. cxd5 {E60: King's Indian: Unusual lines and Fianchetto Variation without
Nc3.} Nxd5 7. e4 Nb6 8. a4 a5 9. Be3 Nc6 10. O-O {[#]} Bg4 $146 ({Predecessor:
} 10... f5 11. exf5 Bxf5 12. Nc3 Nb4 13. Rc1 c6 14. Qb3+ Kh8 15. Ne5 N6d5 16.
Nxd5 Be6 {1/2-1/2 (39) Kovalyov,A (2651)-Puranik,A (2507) Philadelphia 2018})
11. Nbd2 e6 12. h3 Bxf3 13. Nxf3 Qe7 14. Qc1 Qb4 {[%cal Rc6d4]} 15. Bb5 Nxd4 {
[#] aiming for ...c6.} 16. Nxd4 ({White should try} 16. Qxc7 $16 Nxb5 17. axb5
(17. Qxb6 Nd6 $11)) 16... Bxd4 $11 {The position is equal.} 17. Bxd4 ({Don't
play} 17. Qxc7 Rac8 $17) 17... Qxd4 18. Qxc7 {Black must now prevent Rad1.}
Rfc8 19. Qxb7 Rab8 20. Qa7 Ra8 $1 {[%cal Ra8a7]} 21. Qb7 {[#] Threatens to win
with Rfd1.} Rab8 22. Qa7 Ra8 $1 {[%cal Ra8a7]} 23. Qb7 {And now Rfd1 would win.
} Rab8 {Weighted Error Value: White=0.06/Black=0.05} 1/2-1/2

[Event "FIDE Chesscom Grand Swiss 2021"]
[Site "Riga"]
[Date "2021.11.03"]
[Round "7.6"]
[White "Yu, Yangyi"]
[Black "Deac, Bogdan-Daniel"]
[Result "1/2-1/2"]
[WhiteElo "2704"]
[BlackElo "2643"]
[Annotator "TA"]
[PlyCount "63"]
[EventDate "2021.10.27"]
[EventType "swiss"]
[EventCountry "LAT"]
[Tiebreak "Cut1 Buchholz+Sonneborn-Berger (Swiss)"]
[SourceTitle "playchess.com"]
[Source "ChessBase"]
[SourceQuality "1"]

{[%evp 9,63,7,22,13,8,20,16,0,4,14,16,2,13,7,6,0,8,9,10,12,10,-2,0,0,0,0,0,0,0,
0,1,3,3,1,3,0,3,0,0,0,0,0,0,0,0,0,0,0,0,0,0,0,0,0,0,0]} 1. e4 e5 2. Nf3 Nc6 3.
Bb5 Nf6 4. d3 Bc5 5. c3 d5 {The position is equal.} 6. exd5 {C65: Ruy Lopez:
Berlin Defence (3...Nf6), unusual lines and 4 0-0 Bc5.} Qxd5 {Strongly
threatening ...Bxf2+!} 7. Bc4 Qd6 8. b4 Bb6 9. Nbd2 O-O 10. a4 Bf5 11. Ba3 {
Hoping for b5.} ({Much worse is} 11. a5 {[#]} Bxf2+ $1 12. Kxf2 Bxd3 $15) 11...
e4 $1 {[%cal Re4f3]} ({Don't go for} 11... Bxd3 $2 12. b5 $16) 12. dxe4 Nxe4
13. Nxe4 Bxe4 14. Qxd6 cxd6 15. O-O-O Rac8 {White must now prevent ...Ne5.} 16.
Bd5 Bxd5 17. Rxd5 Ne5 18. Nxe5 dxe5 19. Kb2 Rfd8 20. Rxe5 Rxc3 $1 {[#] aiming
for ...Bd4.} 21. Rd1 {Rxd8+ would kill now.} Rcc8 22. Rxd8+ Rxd8 $11 {[%mdl
4096] Endgame KRB-KRB} 23. Re7 {[#]} Bd4+ $146 ({Predecessor:} 23... h5 24.
Rxb7 Bxf2 25. b5 Rd5 26. Bb4 h4 27. a5 Rg5 28. a6 Rxg2 29. Kb3 Rxh2 30. b6 Bxb6
31. Rxb6 h3 32. Rb5 Re2 33. Rh5 Re6 34. Rxh3 {1/2-1/2 (34) Huschenbeth,N (2605)
-Kryvoruchko,Y (2682) Warsaw 2020}) 24. Kb3 b5 $1 25. f3 bxa4+ 26. Kxa4 h5 27.
h3 Rc8 28. Rd7 Bb6 29. Kb3 Re8 30. Bc1 Re1 31. Bf4 Rb1+ 32. Kc4 {Not much
happened in this game.  Weighted Error Value: White=0.02/Black=0.01} 1/2-1/2

[Event "FIDE Chesscom Grand Swiss 2021"]
[Site "Riga"]
[Date "2021.11.03"]
[Round "7.7"]
[White "Navara, David"]
[Black "Sarana, Alexey"]
[Result "1/2-1/2"]
[WhiteElo "2691"]
[BlackElo "2649"]
[Annotator "TA"]
[PlyCount "181"]
[EventDate "2021.10.27"]
[EventType "swiss"]
[EventCountry "LAT"]
[Tiebreak "Cut1 Buchholz+Sonneborn-Berger (Swiss)"]
[SourceTitle "playchess.com"]
[Source "ChessBase"]
[SourceQuality "1"]

{[%evp 19,181,32,47,41,43,42,43,41,45,36,45,30,56,45,48,52,45,45,72,78,77,77,
67,69,71,60,56,53,80,79,83,37,33,35,46,54,70,70,64,67,50,28,50,42,73,73,61,69,
64,35,38,42,100,108,91,96,112,68,67,64,70,63,62,43,39,49,40,25,26,0,37,35,33,
34,44,36,43,43,52,0,0,0,56,56,90,89,94,84,146,39,44,57,111,111,108,85,90,90,90,
90,90,90,122,122,114,118,163,126,233,222,162,54,65,57,222,0,47,0,215,51,51,51,
55,54,54,54,54,54,62,73,73,47,47,47,55,47,47,47,47,34,34,12,14,17,77,6,19,0,0,
0,0,0,0,0,0,0,0,0,0,0,0,0,0,0]} 1. e4 c5 2. Nf3 d6 3. Bb5+ Nd7 4. d4 cxd4 5.
Nxd4 Ngf6 6. O-O e6 7. Re1 Be7 8. Bf1 O-O 9. c4 {[#]} Qc7 $146 ({Predecessor:} 
9... a6 10. Nc3 Ne5 11. b3 Bd7 12. Bb2 Qb8 13. f4 Qa7 14. h3 Nc6 15. Nd5 Bd8 {
0-1 (40) Rossolimo,N-Rogoff,K Malaga 1970}) 10. Nc3 a6 11. Be3 {B42: Sicilian:
Kan Variation: 5 Bd3.} b6 12. Rc1 Bb7 13. f3 {White is slightly better.} Rac8
14. a3 Qb8 15. b4 Kh8 16. Kh1 Rg8 17. Qd2 Bd8 18. Red1 Bc7 19. b5 Bd8 20. bxa6
Bxa6 21. Ndb5 Be7 22. Nxd6 Bxd6 23. Qxd6 Qxd6 24. Rxd6 Bxc4 25. Rdd1 (25. Nb5 {
looks sharper.} Bxf1 26. Rxf1 Ra8 27. Rfd1 Ne5 28. Bg1) 25... Bxf1 26. Rxf1 Ra8
27. Nb5 Rgb8 28. Rc7 Kg8 29. Kg1 h6 30. Kf2 Nc5 31. Ke2 Rc8 32. Bxc5 bxc5 33.
Rxc8+ Rxc8 $16 {[%mdl 4096] Endgame KRN-KRN} 34. a4 Ra8 35. Ra1 Ra5 ({Better is
} 35... Ra6 $14) 36. Nd6 Nd7 37. Nc4 Ra7 38. a5 Nb8 $1 39. Ne5 f6 {[#]} 40. Rb1
$1 Ra8 41. Nc4 (41. Nd3 {is more complex.} c4 42. Nc5 Nc6 43. Ra1 Rxa5 44. Rxa5
Nxa5 45. Nxe6 Nc6 46. Kd2) 41... Nc6 42. Ke1 Nb4 $1 ({Wrong is} 42... Nxa5 $2
43. Ra1 $1 $18) 43. Rd1 Nc6 44. Rb1 Nb4 $1 ({Not} 44... Nxa5 $2 45. Ra1 $1 $18)
45. Kd2 Rd8+ 46. Kc3 Rd3+ 47. Kb2 Kf8 48. Ra1 {Threatens to win with a6.} Na6
49. Kc2 (49. Ra3 $5 {[%cal Ra3d3]} Rd1 50. Rb3 $14) 49... Nb4+ 50. Kb2 Na6 51.
Ra3 Rd4 52. Kc3 Rd1 53. Ne3 Rc1+ (53... Rb1 $142) 54. Kb2 (54. Nc2 $1 $16)
54... Re1 $1 $14 55. Rb3 Nb4 (55... Re2+ $14 56. Ka3 Ke7) 56. Nc2 $1 $16 {
[%cal Rc2e1]} Nxc2 57. Kxc2 {KR-KR} (57. a6 {is interesting.} Ra1 58. Rb6 Rxa6
59. Rxa6 Ne1 60. Kc3) 57... Ra1 58. Rb5 c4 59. Kc3 Ra4 60. h4 g5 61. h5 $1 Ke7
62. Kd4 Kd7 63. Rb7+ Ke8 (63... Kd6 $16) 64. Ra7 $18 e5+ {[#]} 65. Kc3 (65. Kd5
$1 $18) 65... Kf8 $1 $14 66. Ra8+ Kg7 $2 ({Black should try} 66... Kf7 $1 $14
67. a6 Kg7) 67. Ra7+ $2 (67. g4 $18) 67... Kg8 68. Ra8+ $2 (68. a6 $14) 68...
Kg7 $18 69. Kb2 Kf7 70. Ra7+ Kg8 71. Ra6 Kf7 72. Ra8 Kg7 73. a6 Kh7 74. Kc3 Kg7
75. a7 g4 $1 76. fxg4 Kh7 $1 77. Rf8 Rxa7 78. Rxf6 {Rg6 is the strong threat.}
Rd7 $1 79. Rc6 Rd3+ 80. Kb4 {Threatening Rc5.} Re3 81. Rxc4 {And now Kc5 would
win.} Kg7 $1 {[#]} 82. Kb5 (82. Kc5 $1 $16 {[%cal Rc5d5] Hoping for Kd5.} Kf6
83. Rb4) 82... Kf6 $11 {The position is equal.} 83. Rc6+ Kg5 84. Rg6+ Kh4 85.
Rxh6 (85. Kc5 $5 {[%cal Rc5d5]} Rxe4 86. Rxh6 Rxg4 87. Rh7 $11) 85... Kxg4 86.
Re6 Rxe4 87. h6 {White threatens h7 and mate.} Kg5 88. h7 Rh4 89. Rxe5+ Kf6 90.
Re3 Rxh7 91. Rh3 {Weighted Error Value: White=0.09/Black=0.07} 1/2-1/2

[Event "FIDE Chesscom Grand Swiss 2021"]
[Site "Riga"]
[Date "2021.11.03"]
[Round "7.8"]
[White "Petrosyan, Manuel"]
[Black "Korobov, Anton"]
[Result "1/2-1/2"]
[WhiteElo "2605"]
[BlackElo "2690"]
[Annotator "TA"]
[PlyCount "76"]
[EventDate "2021.10.27"]
[EventType "swiss"]
[EventCountry "LAT"]
[Tiebreak "Cut1 Buchholz+Sonneborn-Berger (Swiss)"]
[SourceTitle "playchess.com"]
[Source "ChessBase"]
[SourceQuality "1"]

{[%evp 9,76,0,4,0,0,0,0,0,10,8,7,11,23,15,22,0,0,0,0,0,0,0,0,0,0,0,6,13,31,13,
18,5,21,0,0,0,0,0,0,0,0,0,0,0,0,0,0,-52,-41,-47,-62,-97,-89,-96,-93,-106,-19,
-19,-23,-25,-16,-8,0,0,0,-7,0,0,0]} 1. d4 Nf6 2. Nf3 e6 3. Bf4 b6 4. e3 Bb7 5.
h3 d5 6. Nbd2 {A47: 1 d4 Nf6 2 Nf3 b6: Torre, London and Colle Systems.} Bd6 7.
Bd3 O-O 8. O-O Ne4 {[#]} 9. Bxd6 $146 ({Predecessor:} 9. c3 Nd7 10. Qc2 Ndf6
11. Ne5 h6 12. f3 Nxd2 13. Qxd2 c5 14. Rae1 Qc7 15. Bh2 {1-0 (32) Linares
Napoles,O (2255)-Tarasova,V (2226) Chess.com INT 2021}) 9... cxd6 10. c4 f5 11.
cxd5 Bxd5 12. Qb1 {[%cal Rd2e4]} Nxd2 13. Nxd2 Nc6 14. e4 fxe4 15. Bxe4 Qh4 16.
Bxd5 exd5 17. Qd1 Qxd4 18. Nf3 Qe4 19. Re1 Qf5 20. Qd2 Kh8 21. Re2 Rae8 22.
Rxe8 Rxe8 23. Rd1 Ne5 24. Nd4 Qg6 25. b3 h6 26. Kh1 Nd7 27. Nb5 Nf6 28. Nxd6 ({
White should try} 28. Kg1 $11) 28... Re6 $15 29. Nb5 Ne4 $1 {[%cal Re4d2]} 30.
Qd4 {[#]} Rc6 $1 31. Na3 Qd6 32. Nb1 {[#]} Qf4 (32... Qc5 $1 $17 33. Qxc5 Rxc5)
33. f3 $11 Ng3+ 34. Kh2 Qc7 35. Qxd5 {Hoping for Qd8+.The position is equal.}
Ne2+ 36. Kh1 Ng3+ 37. Kh2 {aiming for Qd8+.} Ne2+ 38. Kh1 Ng3+ {Weighted Error
Value: White=0.07/Black=0.08} 1/2-1/2

[Event "FIDE Chesscom Grand Swiss 2021"]
[Site "Riga"]
[Date "2021.11.03"]
[Round "7.9"]
[White "Sargissian, Gabriel"]
[Black "Nihal Sarin"]
[Result "1/2-1/2"]
[WhiteElo "2664"]
[BlackElo "2652"]
[Annotator "TA"]
[PlyCount "60"]
[EventDate "2021.10.27"]
[EventType "swiss"]
[EventCountry "LAT"]
[Tiebreak "Cut1 Buchholz+Sonneborn-Berger (Swiss)"]
[SourceTitle "playchess.com"]
[Source "ChessBase"]
[SourceQuality "1"]

{[%evp 15,60,7,16,12,20,26,27,7,3,0,0,0,0,0,0,0,0,-8,-8,-8,-10,-12,-6,-5,-9,-4,
-4,-19,-12,-14,0,0,0,0,1,0,0,0,0,0,0,0,0,0,0,0,0]} 1. d4 Nf6 2. c4 g6 3. Nf3
Bg7 4. g3 O-O 5. Bg2 c6 6. O-O d5 7. cxd5 cxd5 8. Ne5 Nfd7 9. Bxd5 {D79:
Fianchetto Grünfeld: Symmetrical Variation (6 0-0 c6 7 cxd5 cxd5).} Nxe5 10.
dxe5 {[#]} Nc6 $146 ({Predecessor:} 10... Bxe5 11. Nc3 Qb6 12. Bh6 Bg7 13. Bxg7
Kxg7 14. Rc1 Rd8 15. Na4 Qb4 16. a3 Qg4 {1-0 (46) So,W (2770)-Duda,J (2743)
Chess.com INT 2020}) 11. Bxc6 {White has an edge.} bxc6 {The position is equal.
} 12. Qxd8 Rxd8 13. Bf4 Rb8 14. Nc3 Rxb2 15. Rfd1 Re8 16. Rab1 Rxb1 17. Rxb1 h6
18. h4 g5 19. hxg5 hxg5 20. Bxg5 Bxe5 21. Rb3 Be6 22. Ra3 Bxc3 23. Rxc3 Bxa2
24. Rxc6 $11 {[%mdl 4096] Endgame KRB-KRB} a5 25. Ra6 Bc4 26. Rxa5 f6 27. Be3
Bxe2 28. Kg2 Kf7 29. f3 Rc8 30. Rc5 Rxc5 {A rather calm draw.  Weighted Error
Value: White=0.03/Black=0.01} 1/2-1/2

[Event "FIDE Chesscom Grand Swiss 2021"]
[Site "Riga"]
[Date "2021.11.03"]
[Round "7.10"]
[White "Tari, Aryan"]
[Black "Sjugirov, Sanan"]
[Result "1/2-1/2"]
[WhiteElo "2646"]
[BlackElo "2663"]
[Annotator "TA"]
[PlyCount "97"]
[EventDate "2021.10.27"]
[EventType "swiss"]
[EventCountry "LAT"]
[Tiebreak "Cut1 Buchholz+Sonneborn-Berger (Swiss)"]
[SourceTitle "playchess.com"]
[Source "ChessBase"]
[SourceQuality "1"]

{[%evp 23,97,-11,-8,-9,-8,-6,0,0,-4,0,39,33,39,21,41,39,44,24,52,54,32,28,42,
17,10,10,25,10,11,10,43,41,45,38,56,46,42,42,92,87,81,55,102,81,116,107,139,81,
91,0,107,95,93,82,94,97,180,175,200,183,200,205,213,197,206,68,68,60,60,54,82,
0,0,0,87,87]} 1. e4 c5 2. Nf3 d6 3. Bb5+ Bd7 4. Bxd7+ Qxd7 5. O-O Nf6 6. Qe2
Nc6 7. c3 e6 8. d4 cxd4 9. cxd4 d5 10. e5 Ne4 11. Nbd2 Nxd2 12. Bxd2 Be7 13. g3
$1 {[%mdl 4] is now more promising than 13.Rac1. B52: Sicilian: Moscow
Variation with 3...Bd7.} O-O 14. Kg2 {[#]} Rae8 $146 ({Predecessor:} 14... Rac8
15. h4 f6 16. exf6 Bxf6 17. Bc3 Qf7 18. Rad1 Rce8 19. b4 a6 20. a4 Qh5 {
1-0 (50) Giri,A (2780)-Grandelius,N (2670) chess24.com INT 2021}) 15. Rad1 {
The position is equal.} h6 16. h4 f5 17. exf6 Bxf6 18. Bc3 Rf7 19. Rfe1 Bd8 20.
Rd3 Bb6 21. b4 a6 22. a4 {[%cal Ba2a4,Ba4a5][%mdl 32] aiming for b5.} Rf5 23.
h5 Nd8 ({Avoid the trap} 23... Rxh5 $2 24. g4 $18) 24. a5 Bc7 25. Nh4 Rf6 26.
Ng6 Nf7 27. Bd2 Nd6 28. Bf4 Nc4 29. Qg4 Bxf4 30. Nxf4 Qf7 31. Rdd1 Nd6 32. Re5
Nc4 33. Re2 Nd6 34. Rc1 Re7 35. Rc5 ({White should play} 35. Ng6) 35... Re8 36.
Rc1 ({Better is} 36. Rec2 $16) 36... Ne4 (36... Re7 $1 $11 {keeps the balance.}
) 37. Rec2 $16 {Threatens to win with Rc7.} Nd6 38. Ng6 $36 {[%mdl 2048]
Keeping Black busy.} Rf5 39. Ne5 Qxh5 (39... Qf6 $16 {is a better defense.})
40. Qxh5 $18 Rxh5 41. Rc7 Rf5 {[#]} 42. Rd7 $1 {[%cal Rd7d6]} Nc4 43. Rxb7 ({
Don't do} 43. Nxc4 $6 Rc8 $16) 43... Rc8 {[#] Black wants to play ...Ne3+!} 44.
Nd3 (44. Rc3 $1 $18) 44... Rf7 $14 45. Rxf7 Kxf7 46. Nc5 Rc6 47. b5 (47. Kf3
$16) 47... axb5 $11 48. a6 Ke7 (48... Rc8 $1 $11) 49. Rb1 {Weighted Error
Value: White=0.12/Black=0.22} 1/2-1/2

[Event "FIDE Chesscom Grand Swiss 2021"]
[Site "Riga"]
[Date "2021.11.03"]
[Round "7.11"]
[White "Volokitin, Andrei"]
[Black "Aronian, Levon"]
[Result "1-0"]
[WhiteElo "2652"]
[BlackElo "2782"]
[Annotator "TA"]
[PlyCount "77"]
[EventDate "2021.10.27"]
[EventType "swiss"]
[EventCountry "LAT"]
[Tiebreak "Cut1 Buchholz+Sonneborn-Berger (Swiss)"]
[SourceTitle "playchess.com"]
[Source "ChessBase"]
[SourceQuality "1"]

{[%evp 17,77,41,41,6,3,0,36,18,17,20,29,0,0,0,104,106,111,111,110,108,106,114,
101,125,125,117,104,66,75,73,108,96,119,115,187,183,234,222,334,326,360,360,
381,303,487,478,635,662,663,634,635,638,625,614,572,539,744,712,615,615,615,
611]} 1. e4 e5 2. Nf3 Nc6 3. Bb5 a6 4. Ba4 Nf6 5. O-O b5 6. Bb3 Bc5 7. a4 Rb8
8. c3 d6 9. d4 Bb6 10. a5 {C78: Ruy Lopez: Archangelsk and Möller Defences.}
Ba7 (10... Bxa5 $2 11. dxe5 (11. d5 Ne7 $18) 11... dxe5 12. Qxd8+ Kxd8 13. Bd5
$18 (13. Bxf7 Bb6 $16)) 11. h3 Bb7 12. Be3 {White is slightly better.} Nxe4 13.
Re1 Ne7 14. dxe5 Bxe3 15. Rxe3 dxe5 {[#]} (15... O-O $11) 16. Rd3 $146 {
[%cal Rd3d8][%mdl 2048] White is on the roll.} (16. Nxe5 $6 Qxd1+ 17. Bxd1 Rd8
$11) ({Predecessor:} 16. Nxe5 Qxd1+ 17. Bxd1 f6 18. Nd3 Rd8 19. Bf3 Kf7 20. Na3
Nd6 21. Nc5 Bxf3 22. Rxf3 {1-0 (52) Abdusattorov,N (2634)-Maurizzi,M (2488)
chess24.com INT 2021}) 16... Nd6 {Strongly threatening ...e4.} 17. Ng5 Nd5 {[#]
} 18. Nxf7 $1 {[%mdl 512]} Nxf7 (18... Kxf7 19. Bxd5+) 19. Bxd5 Bxd5 20. Rxd5
Qh4 21. Nd2 $1 O-O 22. Qg4 (22. Qe2 {looks sharper.} Rbe8 23. Ne4 Ng5 24. Nxg5
Qxg5 25. Re1) 22... Qxg4 23. hxg4 c6 24. Rd7 Ng5 25. Ra7 Rbd8 {[#]} (25... Ra8
$16 26. Re7 Rae8) 26. Nb3 $1 $18 c5 (26... Ra8 $142 27. Rxa8 Rxa8) 27. Nxc5 ({
Resist} 27. Rxa6 $6 c4 $16) 27... Rd2 {[#]} (27... e4 $142 28. Rxa6 Rd2) 28.
Nd7 $1 {[%cal Rd7f8]} (28. Nxa6 {gets mated.} Rfxf2 29. Kh1 Rxg2 30. Ra8+ Kf7
31. Rf1+ Kg6 32. Rf6+ Kxf6 33. Rf8+ Kg6 34. Rg8 Nf3 35. Rxg7+ Kxg7 36. Nc7 Rh2#
) 28... Rd8 29. Nxe5 Rxb2 30. Re1 h6 $2 (30... Re8 31. f4 Nf7 32. Rxa6 (32.
Rxf7 Rxe5 33. Rxg7+ Kxg7 $16) 32... b4) 31. Ng6 {White is clearly winning.} Kh7
32. Nh4 b4 33. Ree7 Rg8 34. cxb4 Rxb4 35. f3 h5 36. Nf5 hxg4 37. Rxg7+ Kh8 38.
Rxg8+ Kxg8 39. Rg7+ {Weighted Error Value: White=0.10/Black=0.38} 1-0